000
00147nam a22000857a 4500
082
_a
823
100
_a
UNKNOWN
245
_a
MULLAH STORIES
942
_c
BK
999
_c
8212
_d
8212